00668nam a2200169 a 450000100100000000500170001000800410002704000250006808200150009310000350010824500880014326000430023130000210027450400730029595201130036899900170048100003703920200930080112.0120209s1957 pr 000 0 spa d aDO-SdBNPbspacBNPHU axxxxbxxxx1 aJuan Fronfrias, Ernesto96344810aPresencia jíbara desde Manuel Alonso hasta Don Florito /cErnesto Juan Fronfrias. aMéxico, :bClub de la prensa,c1957. a140 p. ;c21 cm. aIncluye referencias bibliográficas y notas al pie de las páginas 001050718MOaGRbGRcHDd2012-02-09iLF1l0oxxxx xxxxp37039-10r2020-06-25w2020-06-25y1ZNo se presta c36529d36529